000 00335nam a2200133Ia 4500
008 191201s2018 xx 000 0 und d
082 _a615.1 KUH
100 _aKUMAR, N
245 0 _aHealth education and community Pharmacy
260 _bAITBS Pub
_aNew Delhi
_c2018
300 _a216
650 _aCommunity Pharmacy
942 _2ddc
_cBK
999 _c8217
_d8217